UBT Library

Literary theory : (Record no. 39038)

000 -LEADER
fixed length control field 00602nam a2200229 a 4500
001 - CONTROL NUMBER
control field 4723905
005 - DATE AND TIME OF LATEST TRANSACTION
control field 20171215083907.0
008 - FIXED-LENGTH DATA ELEMENTS--GENERAL INFORMATION
fixed length control field 831104s1983 mnu b s001 0 eng
010 ## - LIBRARY OF CONGRESS CONTROL NUMBER
LC control number 83184242
020 ## - INTERNATIONAL STANDARD BOOK NUMBER
International Standard Book Number 0816612382
020 ## - INTERNATIONAL STANDARD BOOK NUMBER
International Standard Book Number 0816612412 (pbk.)
040 ## - CATALOGING SOURCE
Original cataloging agency DLC
Transcribing agency DLC
Modifying agency DLC
041 ## - LANGUAGE CODE
Language code of text/sound track or separate title eng
080 ## - UNIVERSAL DECIMAL CLASSIFICATION NUMBER
Universal Decimal Classification number 801.95.0904 TER
082 00 - DEWEY DECIMAL CLASSIFICATION NUMBER
Classification number 801.95.0904 TER
Edition number 19
100 1# - Rafti
Rafti 21 GJU
101 ## - Shkurtesa
Shkurtesa GJU
245 10 - TITLE STATEMENT
Title Literary theory :
Statement of responsibility, etc Terry Eagleton.
504 ## - BIBLIOGRAPHY, ETC. NOTE
Bibliography, etc Bibliography: p. 223-231.
906 ## - LOCAL DATA ELEMENT F, LDF (RLIN)
a 7
b cbc
c orignew
d 2
e ncip
f 19
g y-gencatlg
942 ## - ADDED ENTRY ELEMENTS (KOHA)
Source of classification or shelving scheme
Item type Books
Holdings
Withdrawn status Lost status Source of classification or shelving scheme Damaged status Not for loan Permanent location Current location Date acquired Total Checkouts Full call number Barcode Date last seen Price effective from Koha item type
          UBT - Lipjan UBT - Lipjan 12/15/2017   801.95.0904 TER 002-29470 12/15/2017 12/15/2017 Books
UBT Library © 2015-2024. All rights reserved University Education for Business and Technology